IPMU'92 - Advanced Methods in Artificial Intelligence 4th International Conference on Information Processing and Management of Uncertainty in Knowledge-Based Systems. Palma de Mallorca, Spain, July 6.10, 1992. Proceedings

Salvato in:
Dettagli Bibliografici
Altri autori: Bouchon-Meunier, B., Valverde, L., Yager, R. R.
Natura: Libro
Lingua:inglese
Pubblicazione: Berlin Springer 1993
Edizione:1. ed.
Serie:Lecture Notes in Computer Science 682
Soggetti:
Tags: Aggiungi Tag
Nessun Tag, puoi essere il primo ad aggiungerne!!

MARC

LEADER 00000nam a2200000 4500
001 c005997
005 20221214082254.5
020 |a 3-540-56735-6 
041 0 |a eng 
044 |a DE 
245 1 0 |a IPMU'92 - Advanced Methods in Artificial Intelligence  |b 4th International Conference on Information Processing and Management of Uncertainty in Knowledge-Based Systems. Palma de Mallorca, Spain, July 6.10, 1992. Proceedings  |c Edit. B. Bouchon-Meunier, L. Valverde, R. R. Yager 
250 |a 1. ed. 
264 1 |a Berlin  |b Springer  |c 1993 
300 |a 367 s. 
490 1 |a Lecture Notes in Computer Science  |v 682 
830 0 |a Lecture Notes in Computer Science  |v 682 
610 2 0 |a spracovanie dát 
610 2 0 |a inteligencia umelá 
610 2 0 |a systémy znalostné 
610 2 0 |a systémy expertné 
700 1 |a Bouchon-Meunier, B. 
700 1 |a Valverde, L. 
700 1 |a Yager, R. R.